Ewige Tabelle der Hessenliga - Statistiken

Allgemein
  • Dieses Quiz wurde 251 mal gespielt
    87 seit der letzten Aktualisierung
  • Das Durchschnittsergebnis liegt bei 20 aus 110
Antwortstatistiken
Platz Debüt Saisons Punkte Verein Saison 2025/2026 % Korrekt
7. 1978 14 940 KSV Hessen Kassel Regionalliga Südwest
81%
4. 1981 21 1305 FSV Frankfurt Regionalliga Südwest
77%
52. 1993 4 264 SV Darmstadt 98 2. Bundesliga
70%
21. 1985 9 621 Kickers Offenbach Regionalliga Südwest
68%
36. 1989 7 388 SV Wehen 3. Liga
68%
30. 2013 9 485 SG Barockstadt Fulda-Lehnerz Regionalliga Südwest
47%
2. 1978 27 1539 Viktoria Aschaffenburg Regionalliga Bayern
47%
3. 1978 30+ 1514 Eintracht Frankfurt II Hessenliga
45%
11. 2005 14 850 FC Bayern Alzenau Regionalliga Südwest
45%
1. 1979 37+ 1805 KSV Baunatal Hessenliga
45%
39. 2015 5+ 365 FC Gießen Hessenliga
43%
16. 2008 14+ 732 TSV Eintracht Stadtallendorf Hessenliga
36%
2024 2+ 59 SV Darmstadt 98 II Hessenliga
34%
86. 2014 1 66 TSV Steinbach Haiger Regionalliga Südwest
32%
2018 7+ 339 Türk Gücü Friedberg Hessenliga
32%
5. 1978 20 966 SG Rot-Weiss Frankfurt Verbandsliga Süd
30%
32. 1979 11+ 445 1. Hanauer FC 1893 Hessenliga
28%
76. 2023 2+ 104 Hanauer SC 1960 Hessenliga
28%
33. 2003 11+ 420 Hünfelder SV Hessenliga
28%
67. 2022 3+ 142 SV Adler Weidenhausen Hessenliga
28%
57. 2016 7 229 SV Steinbach Verbandsliga Nord
28%
20. 2001 11 633 1. FC Eschborn 2016 aufgelöst
26%
13. 1992 19 808 FV Bad Vilbel Kreisoberliga Friedberg
26%
26. 1988 13+ 523 Rot-Weiss Walldorf Hessenliga
26%
45. 2015 6 307 SC Hessen Dreieich vom Spielbetrieb abgemeldet
26%
24. 1985 16+ 572 VfB Marburg Hessenliga
26%
43. 2012 8+ 332 FC 1931 Eddersheim Hessenliga
23%
9. 2002 18+ 873 SC Waldgirmes Hessenliga
23%
50. 2007 5 281 SV Wehen Wiesbaden II nur Freundschaftsspiele
23%
58. 2004 7 227 1. FC Schwalmstadt Gruppenliga Kassel 1
21%
18. 2005 15+ 700 FSV Fernwald Hessenliga
21%
89. 2017 2 59 SpVgg 03 Neu-Isenburg Gruppenliga Frankfurt Ost
21%
29. 1978 11 492 SpVgg Bad Homburg 1999 aufgelöst
21%
15. 1996 19 745 SV Buchonia Flieden Verbandsliga Nord
21%
49. 1998 8 282 FC Ederbergland Verbandsliga Mitte
19%
38. 1984 8 379 Kickers Offenbach II Verbandsliga Süd
19%
54. 1978 7 255 Starkenburgia Heppenheim Kreisoberliga Bergstraße
19%
109. 2025 0+ 0 SV Hummetroth Hessenliga
19%
23. 1982 14 610 SV Wiesbaden Verbandsliga Mitte
19%
31. 1978 10 448 VfB Gießen 2018 aufgelöst
19%
101. 1978 1 33 VfR Groß-Gerau Verbandsliga Süd
19%
60. 1982 6+ 220 CSC 03 Kassel Hessenliga
17%
71. 2009 2 136 FSV Frankfurt II vom Spielbetrieb abgemeldet
17%
62. 1984 6 209 KSV Hessen Kassel II Verbandsliga Nord
17%
6. 1978 23 956 SC Viktoria Griesheim Gruppenliga Darmstadt
17%
55. 2010 6 243 SKV Rot-Weiß Darmstadt Verbandsliga Süd
17%
106. 2016 1 21 Viktoria Kelsterbach Kreisoberliga Maintaunus
17%
2025 0+ 0 FC Turabdin Babylon Pohlheim Hessenliga
15%
19. 2000 16 684 OSC Vellmar Verbandsliga Nord
15%
8. 1978 20 932 SG 01 Hoechst Kreisliga A Maintaunus
15%
61. 1980 6 216 SG Bad Soden Verbandsliga Nord
15%
63. 2013 4 188 Sportfreunde Seligenstadt Verbandsliga Süd
15%
68. 1978 3 141 SSV Dillenburg Kreisliga B Dillenburg
15%
27. 1995 11 506 SV 1919 Bernbach Kreisoberliga Gelnhausen
15%
81. 1998 3 83 SVA Bad Hersfeld 2018 aufgelöst
15%
78. 2019 4 100 SV Neuhof Gruppenliga Fulda
15%
25. 2011 12 550 SV Rot-Weiß Hadamar Verbandsliga Mitte
15%
59. 1978 6 224 1. FCA Darmstadt Verbandsliga Süd
13%
77. 2007 3 102 Eintracht Wetzlar Kreisliga A Wetzlar
13%
51. 2008 6 266 FC Viktoria 09 Urberach Kreisoberliga Dieburg/Odenwald
13%
14. 1993 19 792 FSC Lohfelden Gruppenliga Kassel 2
13%
53. 2003 6 257 Germania Ober-Roden Verbandsliga Süd
13%
22. 1997 13 619 KSV Klein-Karben 2015 aufgelöst
13%
41. 1979 7 339 SG Egelsbach Kreisoberliga Offenbach
13%
82. 2022 2 81 SV Unter-Flockenbach Verbandsliga Süd
13%
2020 2 46 SV Zeilsheim Verbandsliga Mitte
13%
64. 2017 5 181 VfB Ginsheim Gruppenliga Darmstadt
13%
10. 1978 18 872 VfR Bürstadt Kreisliga B Bergstraße
13%
17. 1980 17 710 Eintracht Haiger 2003 aufgelöst
11%
72. 2002 3 121 Eintracht Wald-Michelbach 2025 aufgelöst
11%
100. 2024 1 38 FSV Wolfhagen Verbandsliga Nord
11%
103. 1994 1 29 RSV Petersberg Kreisoberliga Fulda Mitte
11%
35. 1983 10 390 RSV Würges Kreisoberliga Limburg-Weilburg
11%
84. 2000 2 74 SG Walluf Verbandsliga Mitte
11%
47. 2000 6 295 SV Erzhausen Kreisoberliga Darmstadt/Groß-Gerau
11%
73. 2019 4 129 TuS Dietkirchen Verbandsliga Mitte
11%
104. 2024 1 28 TuS Hornau Verbandsliga Mitte
11%
70. 2020 3 137 1. FC Erlensee Gruppenliga Frankfurt Ost
9%
69. 1994 4 139 FC 80 Herborn 2002 aufgelöst
9%
1986 1 21 GSV Eintracht Baunatal Gruppenliga Kassel
9%
40. 1992 7 360 SC Neukirchen Gruppenliga Kassel 1
9%
85. 2014 2 69 SpVgg 05 Oberrad Gruppenliga Frankfurt West
9%
88. 1996 2 60 SV 07 Raunheim Kreisliga B Groß-Gerau
9%
34. 2001 9 398 TSG Wörsdorf Kreisoberliga Rheingau-Taunus
9%
37. 1979 9 382 TuSpo Ziegenhain 2003 aufgelöst
9%
95. 1999 1 46 Germania Horbach Kreisliga A Gelnhausen
6%
12. 1984 16 829 SC Borussia Fulda Kreisoberliga Fulda Mitte
6%
102. 2000 1 31 SG Croatia Frankfurt Kreisoberliga Frankfurt
6%
93. 1981 2 54 SG Hessen Hersfeld 2018 aufgelöst
6%
74. 1993 3 107 SV Mörlenbach Kreisliga A Bergstraße
6%
48. 1998 6 288 TGM SV Jügesheim 2014 aufgelöst
6%
56. 1984 6 232 TSV Battenberg 1997 aufgelöst
6%
97. 2022 2 43 TSV Steinbach Haiger II Verbandsliga Mitte
6%
46. 1982 7 296 FC Erbach 2008 aufgelöst
4%
65. 1978 4 174 FSV Bergshausen Kreisliga A Kassel
4%
1999 4 107 FSV Braunfels Kreisoberliga Gießen/Marburg West
4%
66. 1979 4 159 FVgg 06 Kastel Kreisoberliga Wiesbaden
4%
1994 2 57 FV Progres Frankfurt 1998 aufgelöst
4%
94. 1997 2 50 FV Steinau 2023 aufgelöst
4%
99. 1978 2 40 Hermannia Kassel Kreisliga B Kassel
4%
98. 2005 1 41 SG Bruchköbel Gruppenliga Frankfurt Ost
4%
44. 1981 7 320 SpVgg Dietesheim Gruppenliga Frankfurt Ost
4%
91. 1978 2 57 SpVgg Olympia Kassel Kreisoberliga Kassel
4%
80. 1997 3 90 VfB Unterliederbach Gruppenliga Wiesbaden
4%
79. 1994 3 94 VfR 1919 Limburg Kreisliga C Limburg-Weilburg
4%
28. 1978 12 495 Viktoria Sindlingen Kreisliga A Maintaunus
4%
87. 1991 2 63 SC Willingen Verbandsliga Nord
2%
108. 2005 1 13 TSG Wattenbach 2018 aufgelöst
2%
105. 1983 1 24 VfB Schrecksbach Gruppenliga Kassel 1
2%
83. 1978 3 76 1. FC Hochstadt Kreisoberliga Hanau
0%
Keine übereinstimmenden Quizze gefunden
Verteilung der Resultate
Anzahl Personen mit jedem Resultat
Perzentil nach korrekt beantworteten Fragen
Ihre Resultats-Entwicklung
Sie haben dieses Quiz seit der letzten Aktualisierung nicht gespielt